<?xml version="1.0" encoding="UTF-8"?>
<record
    xmlns:xsi="http://www.w3.org/2001/XMLSchema-instance"
    xsi:schemaLocation="http://www.loc.gov/MARC21/slim http://www.loc.gov/standards/marcxml/schema/MARC21slim.xsd"
    xmlns="http://www.loc.gov/MARC21/slim">

  <leader>01187nam a2200313 a 4500</leader>
  <controlfield tag="001">000028585</controlfield>
  <controlfield tag="003">DO-SdBNP</controlfield>
  <controlfield tag="005">20171120125356.0</controlfield>
  <controlfield tag="008">110411s2010    dr            001 0 spa d</controlfield>
  <datafield tag="020" ind1=" " ind2=" ">
    <subfield code="a">9789993427162</subfield>
  </datafield>
  <datafield tag="040" ind1=" " ind2=" ">
    <subfield code="a">BPMSU</subfield>
    <subfield code="b">spa</subfield>
    <subfield code="c">BPMSU</subfield>
  </datafield>
  <datafield tag="082" ind1="0" ind2="4">
    <subfield code="a">972.93054</subfield>
    <subfield code="b">B742b</subfield>
  </datafield>
  <datafield tag="100" ind1="1" ind2=" ">
    <subfield code="a">Bosch, Brian J.</subfield>
  </datafield>
  <datafield tag="240" ind1="1" ind2="0">
    <subfield code="a">Balaguer and the Dominican military</subfield>
    <subfield code="l">espa&#xF1;ol </subfield>
  </datafield>
  <datafield tag="245" ind1="1" ind2="0">
    <subfield code="a">Balaguer y los militares dominicanos :</subfield>
    <subfield code="b">una divina jerarqu&#xED;a de oficiales durante la d&#xE9;cadas de los a&#xF1;os sesenta y setenta /</subfield>
    <subfield code="c">Brian J. Bosch ; Bernardo Vega, editor.</subfield>
  </datafield>
  <datafield tag="260" ind1=" " ind2=" ">
    <subfield code="a">Santo Domingo :</subfield>
    <subfield code="b">Fundaci&#xF3;n Cultura Dominicana,</subfield>
    <subfield code="c">2010.</subfield>
  </datafield>
  <datafield tag="300" ind1=" " ind2=" ">
    <subfield code="a">418 p. :</subfield>
    <subfield code="b">il., retr. ;</subfield>
    <subfield code="c">24 cm.</subfield>
  </datafield>
  <datafield tag="500" ind1=" " ind2=" ">
    <subfield code="a">Incluye &#xED;ndice onom&#xE1;stico</subfield>
  </datafield>
  <datafield tag="500" ind1=" " ind2=" ">
    <subfield code="a">Traducido del ingl&#xE9;s</subfield>
  </datafield>
  <datafield tag="504" ind1=" " ind2=" ">
    <subfield code="a">Bibliograf&#xED;a : P. 405-406</subfield>
  </datafield>
  <datafield tag="600" ind1="1" ind2="4">
    <subfield code="a">BALAGUER, JOAQU&#xCD;N</subfield>
    <subfield code="d">1906-2002</subfield>
  </datafield>
  <datafield tag="651" ind1=" " ind2="4">
    <subfield code="a">REP&#xDA;BLICA DOMINICANA</subfield>
    <subfield code="x">FUERZAS ARMADAS</subfield>
    <subfield code="x">HISTORIA</subfield>
    <subfield code="y">SIGLO XX</subfield>
  </datafield>
  <datafield tag="651" ind1=" " ind2="4">
    <subfield code="a">REP&#xDA;BLICA DOMINICANA</subfield>
    <subfield code="x">POL&#xCD;TICA Y GOBIERNO</subfield>
    <subfield code="y">SIGLO XX</subfield>
  </datafield>
  <datafield tag="700" ind1="1" ind2="2">
    <subfield code="a">Vega, Bernardo</subfield>
    <subfield code="e">ed.</subfield>
  </datafield>
  <datafield tag="910" ind1=" " ind2=" ">
    <subfield code="a">Validado. Control de calidad MFF</subfield>
  </datafield>
  <datafield tag="942" ind1=" " ind2=" ">
    <subfield code="2">ddc</subfield>
    <subfield code="c">BK</subfield>
  </datafield>
  <datafield tag="945" ind1=" " ind2=" ">
    <subfield code="a">Inventariado / 2017 VM</subfield>
  </datafield>
  <datafield tag="952" ind1=" " ind2=" ">
    <subfield code="0">0</subfield>
    <subfield code="1">0</subfield>
    <subfield code="2">ddc</subfield>
    <subfield code="4">0</subfield>
    <subfield code="7">0</subfield>
    <subfield code="8">CD</subfield>
    <subfield code="a">BPMET</subfield>
    <subfield code="b">BPMET</subfield>
    <subfield code="d">2014-07-08</subfield>
    <subfield code="l">0</subfield>
    <subfield code="o">972.93054 B742b</subfield>
    <subfield code="p">BPMSU15040459</subfield>
    <subfield code="r">2014-07-08</subfield>
    <subfield code="w">2014-07-08</subfield>
    <subfield code="y">BK</subfield>
  </datafield>
  <datafield tag="952" ind1=" " ind2=" ">
    <subfield code="0">0</subfield>
    <subfield code="1">0</subfield>
    <subfield code="2">ddc</subfield>
    <subfield code="4">0</subfield>
    <subfield code="7">0</subfield>
    <subfield code="8">CD</subfield>
    <subfield code="a">BPMET</subfield>
    <subfield code="b">BPMET</subfield>
    <subfield code="d">2014-07-08</subfield>
    <subfield code="l">0</subfield>
    <subfield code="o">972.93054 B742b</subfield>
    <subfield code="p">BPMSU15040460</subfield>
    <subfield code="r">2014-07-08</subfield>
    <subfield code="t">e. 2</subfield>
    <subfield code="w">2014-07-08</subfield>
    <subfield code="y">BK</subfield>
  </datafield>
  <datafield tag="952" ind1=" " ind2=" ">
    <subfield code="0">0</subfield>
    <subfield code="1">0</subfield>
    <subfield code="2">ddc</subfield>
    <subfield code="4">0</subfield>
    <subfield code="7">0</subfield>
    <subfield code="8">CD</subfield>
    <subfield code="a">BPMET</subfield>
    <subfield code="b">BPMET</subfield>
    <subfield code="d">2015-07-23</subfield>
    <subfield code="l">0</subfield>
    <subfield code="o">972.93054 B742b</subfield>
    <subfield code="p">BPMSU15070349</subfield>
    <subfield code="r">2015-07-23</subfield>
    <subfield code="t">e. 3</subfield>
    <subfield code="w">2015-07-23</subfield>
    <subfield code="y">BK</subfield>
  </datafield>
  <datafield tag="956" ind1=" " ind2=" ">
    <subfield code="a">VMATEO</subfield>
    <subfield code="b">10</subfield>
    <subfield code="c">20150723</subfield>
    <subfield code="l">BPMSU</subfield>
    <subfield code="h">0069</subfield>
  </datafield>
  <datafield tag="999" ind1=" " ind2=" ">
    <subfield code="c">7096</subfield>
    <subfield code="d">7096</subfield>
  </datafield>
</record>
